000 00368 a2200121 4500
001 ART_12663
005 20260410161908.0
008 260409a
245 1 0 _aThe cost of the states earnings related pension scheme
100 1 _aKay, J.A.
700 1 _aHemming, Richard
773 0 _tThe Economic Journal
_g- Vol. 92, NÂș 366 (jun. 1982)
_wREV12512
999 _c26556
_d26556